000 01364nam a2200349 i 4500
003 EG-ScBUE
005 20231210110949.0
008 190304s2019 sy f b 000 0bara d
020 _a9789933600075
040 _aEG-ScBUE
_bara
_erda
_cEG-ScBUE
_dEG-ScBUE
041 1 _aara
_hund
043 _aa-ir---
082 0 4 _a955.026
_bر ف ي
_222
100 1 _aرفيعي، أمير،
_eمؤلف.
245 1 0 _aظهور تيمور و فتح إيران /
_cتأليف الدكتور أمير رفيعي ؛ ترجمة سامي محمد المرسي.
250 _aالطبعة الأولى.
264 1 _aدمشق :
_bنور حوران للدراسات والنشر والتراث،
_c2019.
300 _a242 صفحة ؛
_c24 سم
336 _2rdacontent
_aنص
_btxt
337 _aبدون وسيط
_2rdamedia
_bn
338 _aمجلد
_bnc
_2rdacarrier
504 _aيشتمل على إرجاعات ببليوجرافية.
541 _aأ. محمد فريد خميس ؛
_cإهداء ؛
546 _aالنص مترجم إلى اللغة العربية.
600 0 7 _aتيمور لنك،
_d1336-1405 م.
_2BUEsh
650 7 _aالمغول والتتار.
_2BUEsh
651 7 _aإيران
_xتاريخ.
_2BUEsh
653 _bBUSBOL
_bGGEN
_cMarch2019
655 _vReading book
700 1 _aمرسي، سامي محمد،
_eمترجم.
942 _2ddc
999 _c27208
_d27179